000 00639nam a22001337a 4500
008 110614t xxu||||| |||| 00| 0 eng d
010 _aSCCAF34
245 _aSupreme Court of Civil Application No.8/1991 Matendegyere and others vs Y. Kasikura and others
260 _c1991
500 _aCORAM:Mayindo,D.C.J., Seaton,J.S.C
500 _aApplication for a stay of execution of judgment and decree pending hearing of Civil Appeal No. 109 of 1978
999 _c2850
_d2850